00860 2200325 4500001002100000005001500021035002000036007000300056040001200059100003000071245007900101250001200180300003600192504002500228041000800253082001600261084001600277090002100293264004200314336001500356337001300371338001500384500001900399500001800418650001600436700002400452850001000476990002400486990002400510INLIS00000000000695620221104104100 a0010-0722000006ta aSBPUPAD0 aAnandita Fitriani Pratama 0aHidup Sehat Pilihan Tepat /cAnandita Fitriani Pratama;editor, Edi Warsidi a.-cet.1 a80 hlm. :billus. ;c21x14,5 cm aBibliografi, hlm 800 aind1 2[23]a613.7 a613.7 ANA h a613.8 ANA h 17-731a.--Bandung :bMughni Sejahtera,c2008 2rdacontent 2rdamedia 2rdacarrier aIndeks, hlm 79 aGlosarium, 78 4aHidup Sehat02aEditor, Edi Warsidi aPUPAD a624/s/KAPD-Pdg/2012 a624/s/KAPD-Pdg/2012